Music Quiz

Random Music or Song Quiz

Pet Shop Boys Lyrics Quiz Stats

 Plays Quiz not verified by Sporcle

Challenge
Share
Tweet
Embed
Score 0/21 Timer 10:00
0 Plays Today
% Correct
West End Girls
90.4%
It's A Sin
89.3%
Suburbia
88.8%
Go West
87.1%
Left To My Own Devices
80.9%
Can You Forgive Her?
79.8%
Domino Dancing
78.1%
Se A Vida É (That's The Way Life Is)
64%
I'm With Stupid
59%
Love Etc.
58.4%
Single
57.9%
% Correct
Integral
56.2%
I Don't Know What You Want But I Can't Give It Any More
54.5%
Love Is A Bourgeois Construct
54.5%
Miracles
50%
Flamboyant
50%
Did You See Me Coming?
48.3%
Thursday
48.3%
Winner
44.9%
Paninaro '95
42.7%
Closer To Heaven
37.1%

You're not logged in!

Compare scores with friends on all Sporcle quizzes.
OR
Log In

You Might Also Like...

Show Comments

Extras

Top Quizzes Today


Score Distribution

Your Account Isn't Verified!

In order to create a playlist on Sporcle, you need to verify the email address you used during registration. Go to your Sporcle Settings to finish the process.

Report this User

Report this user for behavior that violates our Community Guidelines.

Details: